000 00293nam a22001337a 4500
008 210527b ||||| |||| 00| 0 eng d
041 _aeng
080 _a510
082 _a510
100 _a38
101 _aMAT
245 _aElements of Numerical Analysis
_cPeter Henrici
942 _2udc
_cBK
999 _c57720
_d57720